000 00281nam a22001217a 4500
008 170424b xxu||||| |||| 00| 0 eng d
041 _aGER
080 _a547
100 _a12
101 _aSHM
245 _aBEISTEINS HANDBUCH DER ORGANISCHEN CHEMIE
_cAUFLAGE, V
942 _2udc
_cBK
999 _c11802
_d11802